000 02155cam a22005294i 4500
003 PE-LiUPU
005 20250731165456.0
008 150623s r 000 0 d
020 _a1850756619
035 _a(Sirsi) i9781850756613
040 _aPE-LiUPU
_bspa
_cPE-LiUPU
_erda
049 _aPRUA
082 0 4 _a225.077
_bJS
_221
100 1 _aCunningham, Scott,
_eautor.
245 1 0 _aThrough many tribulations :
_bthe theology of persecution in Luke-Acts.
_n142 /
_cScott Cunningham.
264 1 _aMidsomer Norton, Bath, Great Britain :
_bSheffield Academic Press,
_c1997.
300 _a376 páginas :
_bilustraciones diagrámas ;
_c24 centímetros
336 _atext
_2rdacontent
337 _aunmediated
_2rdamedia
338 _avolume
_2rdacarrier
490 0 _aJournal for the study of N.T. Supplement Series ;
_v142
504 _aBibliografía: p. 343-354.
505 0 _aInterpretations of the Lukan persecution theme. -The theology of persecution in the Gospel of Luke. -The theology of persecution in the acts of the apostles. -Theological functions of the persecution theme in Luke-Acts. -The theology of persecution and the purpose of Luke-Acts.
526 _aSEG44
526 _aSEG26
526 _aP151
526 _aP150
526 _aP149
526 _aP146
526 _aP145
526 _aP126
526 _aP125
526 _aP92
526 _aP75
526 _aP74
526 _aP27
526 _aP15
630 _aBiblia.
_pN.T.
_pHechos
_xComentarios.
630 _aBiblia.
_pN.T.
_pLucas
_xComentarios.
650 0 4 _aPersecuciones religiosas.
942 _2ddc
_cBOOK
949 _aRC 225.077 JS 142
_wDEWEY
_c1
_i45046
_lCCODEBUL1
_mBUL
_r0
_sY
_tBOOK
_u2015-6-24
_xTEOLOGIA
_PP35
_0COMPRA
_o.CIRCNOTE. No olvidar cambiar la fecha de devolución!!!!!!!
_o.STAFF. Colección General
994 _aC0
_bPEPRU
596 _a1
999 _aRC 225.077 JS 142
_wDEWEY
_c21928
_i45046
_f2021-11-8
_g6
_lCCODEBUL1
_mBUL
_r1
_sY
_tBOOK
_u2015-6-24
_xTEOLOGIA
_PP35
_0COMPRA
_o.CIRCNOTE. No olvidar cambiar la fecha de devolución!!!!!!!
_o.STAFF. Colección General
_d21928
980 _81
_gALBERTO SANCHEZ Responsable de Automatización